Puolueiden puheenjohtajat 2022 - Statistics

Yleistilastot
  • Tätä visaa on pelattu 58 kertaa
  • Keskiarvotulos 8 / 10
Vastaustilastot
Puolue Puheenjohtaja % Oikein
Suomen Sosialidemokraattinen puolue Sanna Marin
98%
Liike Nyt Harry Harkimo
96%
Vasemmistoliitto Li Andersson
94%
Kansallinen Kokoomus Petteri Orpo
94%
Perussuomalaiset Riikka Purra
93%
Suomen Kristillisdemokraatit Sari Essayah
81%
Suomen ruotsalainen kansanpuolue Anna-Maja Henriksson
80%
Suomen Keskusta Annika Saarikko
78%
Vihreä liitto Maria Ohisalo
70%
Valta kuuluu kansalle Ano Turtiainen
61%
Ehtoja vastaavia visoja ei löytynyt
Tulosjakauma
Jokaisen tuloksen saaneiden osuus
Persentiili vastausten määrän mukaan
Tuloshistoriasi
Et ole pelannut tätä visaa